000 00568nmm a2200193Ia 4500
008 251105s9999||||xx |||||||||||||||||und||
020 _a8477335044
041 _aspa
100 _aParker, R.A.C.
245 0 _aHistoria de la segunda guerra mundial
264 _a[Madrid, España] :
_bPrensas Universitarias de Zaragoza,
_c1998
300 _a438 páginas
490 _aCiencias sociales
650 _aHistory of Europe
700 _aParker, R.A.C.
700 1 _a Omnivox, S.L. (trad.)
856 _uhttps://public.digitaliapublishing.com/a/2125
942 _cCF
999 _c69774
_d69774